| 000 -LEADER |
| fixed length control field |
00691nam a2200157 a 4500 |
| 040 ## - CATALOGING SOURCE |
| Transcribing agency |
DLC |
| 082 00 - DEWEY DECIMAL CLASSIFICATION NUMBER |
| Classification number |
621 IND 1983 A051 Or. |
| 245 00 - TITLE STATEMENT |
| Title |
1983 productivity and efficiency in heat processing : |
| Remainder of title |
a seminar/workshop on new concepts in maximizing productivity and efficiency in heat processing / |
| 260 ## - PUBLICATION, DISTRIBUTION, ETC. (IMPRINT) |
| Place of publication |
Arlington, Va. : |
| Name of publisher |
Industrial Heating Equipment Association, |
| Year of publication |
c1983. |
| 300 ## - PHYSICAL DESCRIPTION |
| Number of Pages |
1 v. (various pagings) : |
| Other physical details |
ill. ; |
| Dimensions |
30 cm. |
| 500 ## - GENERAL NOTE |
| General note |
Papers presented at the first IHEA Energy Seminar, held at Chicago Marriott O'Hare, Oct. 3-4, 1983. |
| 650 #0 - SUBJECT ADDED ENTRY--TOPICAL TERM |
| Topical Term |
Heat engineering |
| 710 2# - ADDED ENTRY--CORPORATE NAME |
| Corporate name or jurisdiction name as entry element |
Industrial Heating Equipment Association. |
| 710 2# - ADDED ENTRY--CORPORATE NAME |
| Corporate name or jurisdiction name as entry element |
American Gas Association. |
| 942 ## - ADDED ENTRY ELEMENTS (KOHA) |
| Koha item type |
សៀវភៅភាសាអង់គ្លេស |
| 952 ## - LOCATION AND ITEM INFORMATION (KOHA) |
| Withdrawn status [LOCAL, KOHA] |
0 |